Human resource management /
Сохранить в:
| Главный автор: | |
|---|---|
| Формат: | |
| Язык: | English |
| Опубликовано: |
Boston MA :
Houghton Mifflin,
1999.
|
| Редактирование: | 4th ed. |
| Предметы: | |
| Метки: |
Добавить метку
Нет меток, Требуется 1-ая метка записи!
|
| Thư viện lưu trữ: | Mạng thư viện Đại học Đà Nẵng |
|---|
| LEADER | 00811cam a2200325 i 4500 | ||
|---|---|---|---|
| 001 | 000046283 | ||
| 003 | 5743 | ||
| 005 | 20030326110746.0 | ||
| 008 | 010220|1999 vm 000 eng | ||
| 020 | |a 0395908175 | ||
| 040 | |a IRC |c IRC |d IRC | ||
| 041 | 0 | |a eng | |
| 082 | 1 | 4 | |a 658.3 |b FI-C |
| 100 | 1 | |a Fisher, Cynthia D. | |
| 245 | 0 | 0 | |a Human resource management / |c Cynthia D. Fisher. |
| 250 | |a 4th ed. | ||
| 260 | |a Boston MA : |b Houghton Mifflin, |c 1999. | ||
| 300 | |a xxvi, 891p. : |b ill. | ||
| 630 | 0 | 4 | |a Personnel management. |
| 650 | 0 | 4 | |a Personnel management. |
| OWN | |a DUT | ||
| 999 | |a From the UDN01 | ||
| TYP | |a Monograph | ||
| TYP | |a Printed language | ||
| 980 | |a Mạng thư viện Đại học Đà Nẵng | ||


